Catálogo

Vista normal Vista MARC

Entrada Personal Name

Número de registros utilizados en: 2

001 - CONTROL NUMBER

  • control field: 4926

003 - CONTROL NUMBER IDENTIFIER

  • control field: DLC

005 - DATE AND TIME OF LATEST TRANSACTION

  • control field: 20241021084344.0

008 - FIXED-LENGTH DATA ELEMENTS

  • fixed length control field: 170706 a|ac|n|aab||||||||||||a |n|||||||

010 ## - LIBRARY OF CONGRESS CONTROL NUMBER

  • LC control number: 79061086

040 ## - CATALOGING SOURCE

  • Original cataloging agency: DLC
  • Language of cataloging: spa
  • Description conventions: rda
  • Transcribing agency: Mx-PuUPA
  • Modifying agency: DLC
  • Modifying agency: Mx-PuUPA

046 ## - SPECIAL CODED DATES

  • Birth date: 19440906

100 1# - HEADING--PERSONAL NAME

  • Personal name: Newman, Barbara M.
  • Dates associated with a name: 1944-

372 ## - FIELD OF ACTIVITY

  • Field of activity: Psicología infantil

374 ## - OCCUPATION

  • Occupation: Autor

375 ## - GENDER

  • Gender: mujer

377 ## - ASSOCIATED LANGUAGE

  • Language code: eng

400 1# - SEE FROM TRACING--PERSONAL NAME

  • Personal name: Newman, Barbara,
  • Dates associated with a name: 1944 September 6-

400 1# - SEE FROM TRACING--PERSONAL NAME

  • Personal name: Newman, Barbara
  • Fuller form of name: (Barbara M.)
  • Dates associated with a name: 1944-

670 ## - SOURCE DATA FOUND

  • Source citation: Her Development through life, 1975.

670 ## - SOURCE DATA FOUND

  • Source citation: OU files
  • Information found: (hdg.: Newman, Barbara M.; usages: Barbara Newman; Barbara M. Newman; note: Advisor, Dept. of Human Development and Family Science, Ohio State University)

670 ## - SOURCE DATA FOUND

  • Source citation: Univ. of Michigan library catalog, Apr. 26, 2005
  • Information found: (hdg.: Newman, Barbara Miller; note: Ph. D., University of Michigan)

670 ## - SOURCE DATA FOUND

  • Source citation: Info. converted from 678, 2012-10-27
  • Information found: (b. 9/6/44)